00761nam a2200253 a 4500001001300000003000900013005001700022008004100039020001000080082001800090100002100108245006200129260003600191300000900227500003500236505001000271650002500281650001600306700002100322902000800343942000700351952013400358999001500492nice12345678IN_TiNIC20260116012838.0050524s1991 newa grp 000 0 eng  ac15000a954.5487bFER aFernandes, Praxy aTigers of Mysoreb Biography of Hyder Ali and Tipu Sultan aNew DelhibPenguin Books c1991 a248p aincludes index and biblioraphy2 aIndex aIndia-History Mysore aTipu Sultan1 aFernandes, Praxy bSRS cBK 001040708StackRoom-aHMIbHMId2007-04-10g150.00l3m3o954.5487 FERp014412r2018-09-17s2018-01-29v150.00w2005-05-24yBK c8614d8614